| 000 | 00663nam a22001937a 4500 | ||
|---|---|---|---|
| 003 | OSt | ||
| 005 | 20180116183029.0 | ||
| 008 | 151217b xxu||||| |||| 00| 0 eng d | ||
| 020 | _a30-119-2010-1 | ||
| 024 | _230-119-2010-1 | ||
| 040 | _cLahore LUMS | ||
| 082 | _a 174.4 LUM 2010 | ||
| 100 | _a Munir KA, Sultan A | ||
| 245 |
_aUP FOR SALE (CONDITION: HARDLY USED) THE ROYAL BANK OF SCOTLAND, PAKISTAN IN 2010 _c Munir KA, Sultan A |
||
| 260 |
_aLahore LUMS _b Lahore University of Management Sciences _c2010 |
||
| 300 |
_a19 p. _bPapers |
||
| 440 | _aUP FOR SALE (CONDITION: HARDLY USED) THE ROYAL BANK OF SCOTLAND, PAKISTAN IN 2010 | ||
| 942 |
_2ddc _cCS |
||
| 999 |
_c350944 _d350944 |
||